Az ügyvédi rendtartás 52. §-ához

Elmentve itt :
Bibliográfiai részletek
Szerző: Beck Salamon
Dokumentumtípus: Cikk
Megjelent: 1925
Sorozat:Polgári jog : a hazai és külföldi magánjog és hiteljog szemléje 1
Kulcsszavak:Ügyvédség díjazás
Online Access:http://misc.bibl.u-szeged.hu/4032
LEADER 00599nab a2200169 i 4500
001 misc4032
005 20191106143138.0
008 170607s1925 hu o 0|| hun d
040 |a SZTE Miscellanea Repozitórium  |b hun 
041 |a hun 
100 1 |a Beck Salamon 
245 1 3 |a Az ügyvédi rendtartás 52. §-ához  |h [elektronikus dokumentum] /  |c  Beck Salamon 
260 |c 1925 
300 |a 430a 
490 0 |a Polgári jog : a hazai és külföldi magánjog és hiteljog szemléje  |v 1 
695 |a Ügyvédség díjazás 
856 4 0 |u http://misc.bibl.u-szeged.hu/4032/1/polgari_jog_1925_430a.pdf  |z Dokumentum-elérés